| 000 | 00625nam a2200241 a 4500 | ||
|---|---|---|---|
| 999 |
_c5485 _d5485 |
||
| 001 | 5485 | ||
| 003 | BD-JhCC | ||
| 005 | 20171217114209.0 | ||
| 008 | 171217s19411965e |||| || | 001 0 eng d | ||
| 035 | _a(BD-JhCC)5485 | ||
| 040 |
_aBD-JhCC _dBD-JhCC |
||
| 041 | _aeng | ||
| 082 |
_a155.41323 _bPIA 1965 |
||
| 100 | _aPiaget, Jean | ||
| 245 |
_aThe Child's Conception Of number / _cJean Piaget, |
||
| 250 | _a3rd ed. | ||
| 260 |
_aLondon : _bRoutledge & Kegan Paul Ltd, _c1965. |
||
| 300 |
_a248 p. : _c22 cm. |
||
| 504 | _aIncludes Index | ||
| 650 | _aNumber Conception Children | ||
| 942 |
_2ddc _cBK |
||